Filme von 2025 - Sudden Death - Statistiken

Allgemein
  • Dieses Quiz wurde 148 mal gespielt
    144 seit der letzten Aktualisierung
  • Das Durchschnittsergebnis liegt bei 6 aus 20
Answers on the Grid
Answers color-coded by a green-red scale on the quiz's grid according to % correct below.
Phantastische Tierwesen und wo sie zu finden sind 4
Avengers - Doomsday
F1 - Der Film
Avater - Fire and Ash
Captain America - Brave New World
Mission: Impossible - The Final Reckoning
Conjuring 4 - Das letzte Kapitel
Demon Slayer - Kimetsu no Yaiba- The Movie - Infinity Castle
Drachenzähmen leicht gemacht
Dracula - Die Auferstehung
Ein Minecraft Film
Elio
Jurassic World - Die Wiedergeburt
Das Kanu des Manitu
KPop Demon Hunters
Schneewittchen
Springsteen - Deliver Me From Nowhere
Superman
The Fantastic Four - First Steps
Die Unfassbaren 3 - Now You See Me
Wicked - Teil 2
Zoomania 2
Avatar - The Way of Water
Wicked
Alles steht Kopf 2
Challengers - Rivalen
Deadpool & Wolverine
Dune - Teil 2
Gladiator 2
Nur noch ein einziges Mal
Barbie
Vaiana 2
Im Westen nichts Neues
Jurassic World - Ein neues Zeitalter
Cruella
Encanto
 
Antwortstatistiken
Antwort % Korrekt
Avater - Fire and Ash
43%
Ein Minecraft Film
41%
Wicked - Teil 2
41%
Zoomania 2
41%
F1 - Der Film
38%
Das Kanu des Manitu
34%
Die Unfassbaren 3 - Now You See Me
34%
Conjuring 4 - Das letzte Kapitel
31%
The Fantastic Four - First Steps
31%
Drachenzähmen leicht gemacht
28%
Jurassic World - Die Wiedergeburt
28%
KPop Demon Hunters
26%
Captain America - Brave New World
24%
Demon Slayer - Kimetsu no Yaiba- The Movie - Infinity Castle
24%
Mission: Impossible - The Final Reckoning
22%
Superman
22%
Schneewittchen
19%
Springsteen - Deliver Me From Nowhere
18%
Dracula - Die Auferstehung
13%
Elio
13%
Keine übereinstimmenden Quizze gefunden
Verteilung der Resultate
Anzahl Personen mit jedem Resultat
Perzentil nach korrekt beantworteten Fragen
Ihre Resultats-Entwicklung
Sie haben dieses Quiz seit der letzten Aktualisierung nicht gespielt